| 000 | 01391nam2a2200325 4500 | ||
|---|---|---|---|
| 001 | RU\NLR\bibl\1117418 | ||
| 005 | 20250615063818.0 | ||
| 021 |
_aRU _b2007-44890 _92398 |
||
| 035 | _a(NLR Aleph) 001104417 | ||
| 090 |
_a1198640 _c1198640 |
||
| 100 | _a20070814d2007 |||y0rusy50 ca | ||
| 101 | 0 |
_arus _deng |
|
| 102 | _aRU | ||
| 105 | _ay ||||||||| | ||
| 200 | 1 | _aСечения фотоионизации и радиационной рекомбинации для H-, He- и Li - подобных ионов элементов C,N, Ne, Mg | |
| 210 |
_d2007 _aБ. м. |
||
| 215 | _a51 с. | ||
| 225 | 1 | _a...; 2718 | |
| 300 | _aРез. на англ. яз. | ||
| 461 | 0 |
_1001RU\NLR\bibl\1122238 _12001#$aАтомные данные для астрофизики$v1 _91227370 _aТржасковская, М. Б. _cГатчина _d2007 _fМ.Б. Тржасковская, В.К. Никулин, Н.А. Гущина _nПИЯФ _tАтомные данные для астрофизики _v1 |
|
| 606 | 1 |
_aИоны _xФотоионизация _xСечения _91178997 _3RU\NLR\auth\66474169 |
|
| 606 | 1 |
_aЭлектроны _xРекомбинация с ионами _91887399 _3RU\NLR\auth\66858172 |
|
| 686 | _aВ333.123 | ||
| 686 | _aВ333.125 | ||
| 686 | _aВ386.12 | ||
| 801 | 0 |
_aRU _bNLR _c20070814 _gRCR |
|
| 801 | 1 |
_aRU _bNLR _c20070814 |
|
| 942 | _cBOOK | ||
| 980 | _aNB | ||